| 000 | 00848nam a2200253 i 4500 | ||
|---|---|---|---|
| 001 | 167061 | ||
| 003 | ES-MaACL | ||
| 005 | 20250812034403.0 | ||
| 008 | 150326s1999 sp |||| | spa d | ||
| 020 | _a84-7651-468-9 | ||
| 080 | _a7.033.3 | ||
| 100 | 1 |
_aBurckhardt, Titus. _932585 |
|
| 245 | 1 | 3 |
_aEl arte del Islam _b: lenguaje y significado / _cprólogo de Seyyed Hossein Nasr ; traducción de Tomás Duplá. |
| 250 | _a2ª ed. | ||
| 260 |
_aPalma de Mallorca : _bOlañeta, _c1999. |
||
| 300 |
_a162 p., [64] p. de lám. ; _c21 cm. |
||
| 490 | 1 |
_aSophia perennis ; _v34 |
|
| 650 | 0 | 7 |
_aArte musulmán _2embne _9135624 |
| 700 | 0 |
_aNasr, Seyyed Hossein. _984971 |
|
| 700 | 1 |
_aDuplá, Tomás. _9156630 |
|
| 830 | 0 |
_aSophia perennis ; _v34 _9188643 |
|
| 852 |
_aES-MaACL _jL-30121 _z.- Donat. Miguel A. Velasco |
||
| 999 |
_c167061 _d167061 |
||